000 00429 a2200205 4500
260 _bVecchi
245 _aLes Lapins nains : élevage et soins
300 _a125p.
260 _aParis
260 _c1983
300 _bCouv. ill. en coul.
130 _lFr
100 _aKELLER, Julie
690 _aELEVAGE
690 _aSANTE ANIMALE
690 _aLAPINS NAINS
020 _a2-7328-0
999 _c27090
_d27090